Dzieła. (Rekord nr 27374)
| 000 -Nagłówek | |
|---|---|
| fixed length control field | 01006cam a2200265 i 4500 |
| 001 - Nr kontrolny bibl., która utworzyła rek. | |
| control field | zz2004951645 |
| 003 - Siglum bibl., której nr kontr. jest w 001 | |
| control field | NUKAT |
| 005 - Data i czas ostatniej operacji | |
| control field | 20260331081502.0 |
| 008 - Elementy pola stałej długości | |
| fixed length control field | 030604s1955 pl a |000 0 pol c |
| 035 ## - Systemowy numer kontrolny | |
| systemowy numer kontrolny | (OCoLC)749515925 |
| 035 ## - Systemowy numer kontrolny | |
| systemowy numer kontrolny | (NUKAT)zz2004951645 |
| 040 ## - Instytucja sporządzająca opis | |
| Instytucja, która sporządziła opis | GD U/1AA |
| Instytucja, która sporządziła rekord | GD U/1AA |
| Instytucja, która zmodyfikowała rekord | GD U/1AA |
| -- | GD PAN/JMSs |
| 041 1# - Kod nazwy języka dokumentu | |
| Język tekstu | pol |
| Language code of original | rus |
| 100 1# - Hasło główne-nazwa osobowa | |
| Nazwa osobowa | Lenin, Vladimir Ilʹič |
| Daty biograficzne | (1870-1924). |
| 9 (RLIN) | 28927 |
| 245 10 - Tytuł właściwy i oznaczenie odpow. | |
| tytuł | Dzieła. |
| numer części/sekcji pracy | T. 31 |
| tytuł części/sekcji pracy | Kwiecień - grudzień 1920 / |
| dod. inf. ze s. tyt./ozn. odpow. | W. I. Lenin. |
| 260 ## - Adres wydawniczy | |
| miejsce wydania, dystrybucji itp. | Warszawa : |
| nazwa wydawcy, dystrybutora itp. | Książka i Wiedza, |
| data wydania, dystrybucji itp. | 1955. |
| 300 ## - Opis fizyczny | |
| objętość i/lub forma materiału | X, 594 s., [1] k. portr. : |
| inne szczegóły opisu fizycznego | faks. ; |
| format | 20 cm. |
| 336 ## - Content Type | |
| Term | Tekst |
| Code | txt |
| Source | rdacontent |
| 337 ## - Media Type | |
| Term | Bez urządzenia pośredniczącego |
| Code | n |
| Source | rdamedia |
| 338 ## - Carrier Type | |
| Term | Wolumin |
| Code | nc |
| Source | rdacarrier |
| 500 ## - Uwaga ogólna | |
| uwaga ogólna | Przekł. z czwartego wyd. ros. przygotowanego przez Instytut Marksa-Engelsa-Lenina przy KC WKP(b). |
| 650 #7 - Hasło przedmiotowe-nazwa pospolita | |
| nazwa pospolita lub geogr. | Marksizm-leninizm |
| określnik formy | źródła. |
| źródło hasła | kaba |
| 9 (RLIN) | 34629 |
| 651 #7 - Hasło przedmiotowe-nazwa geogr. | |
| nazwa geograficzna | Związek Radziecki |
| określnik rzeczowy | polityka i rządy |
| określnik chronologiczny | 1917-1928. |
| źródło hasła | kaba |
| 9 (RLIN) | 39281 |
| 942 ## - ADDED ENTRY ELEMENTS (KOHA) | |
| Source of classification or shelving scheme | Dewey Decimal Classification |
| Koha item type | pozycje dostępne na miejscu |
| Status wycofania | Status zagubienia | Klasyfikacja | Status uszkodzenia | Ograniczenia użycia | Blokada wypożyczeń | Kolekcja | Lokalizacja macierzysta | Lokalizacja bieżąca | Data nabycia | Numer akcesji | Źródło akcesji | Nr inwentarzowy | il. wypożyczeń | Sygnatura | Kod kreskowy | Date last seen | Price effective from | Typ egz. |
|---|---|---|---|---|---|---|---|---|---|---|---|---|---|---|---|---|---|---|
| Dewey Decimal Classification | nieuszkodzona | bez ograniczeń | książka w magazynie | Biblioteka Instytutu Północnego w Olsztynie | Biblioteka Instytutu Północnego w Olsztynie | 31/03/2026 | D-3/1963 | dar | 10267/31 | 10267/31 | IPWK23685 | 31/03/2026 | 31/03/2026 | pozycje dostępne na miejscu |